| 000 | 00533nam a2200205Ia 4500 | ||
|---|---|---|---|
| 008 | 220216s9999 xx 000 0 und d | ||
| 100 | _aSethu S | ||
| 245 | 0 | _aCommercial development of tyre rubber | |
| 260 | _bProceedings of the RRIM Planters Conference, Kuala Lumpur, 1976; p299-308 | ||
| 650 | _aTyre rubber | ||
| 700 | _aBine Y C | ||
| 700 | _aFah C S | ||
| 700 | _aLee L S | ||
| 700 | _aMahmood b Abdul Kadir | ||
| 700 | _aNambiar | ||
| 700 | _aPong C W | ||
| 700 | _aSoon Y K | ||
| 700 | _aSung C P | ||
| 942 | _cJS | ||
| 999 |
_c55871 _d55871 |
||